000 01302 a2200229 4500
001 48609
005 20260407155750.0
008 260407a2018 arg spa d
003 AR-UNSa-BCEJYS
040 _aAR-UNSa-BCEJYS
_bspa
_cAR-UNSa-BCEJYS
080 _a311.3
_xOrganización general de las estadisticas. Estadística oficial
245 1 0 _aEstudio nacional sobre el perfil de las personas con discapacidad
_presultados definitivos 2018
020 _a978-950-896-531-8
264 1 _aBuenos Aires :
_bINDEC
_c2018
300 _a183 p.
_c25 cm.
505 _a1. Resumen ejecutivo; 2. Introducción; 3. Antecedentes de la medición de la discapacidad; 4. ¿Qué se entiende por discapacidad?; 5. Objetivos; 6. Prevalencia y estructura por sexo y edad de la población con dificultad; 7. Cantidad y tipo de dificultad; 8. Origen y causa de la primera dificultad; 9. Certificado de discapacidad; 10. Cobertura de salud y prevención social; 11. Educación; 12. Trabajo; 13. Convivencia en pareja; 14. Hogares con personas con dificultad; 15. Anexo
041 _aspa
942 _cBK
590 _aniveau_biblio:m niveau_hierar:0
100 1 _aInstituto Nacional de Estadística y Censos (INDEC)
856 4 1 _uhttps://www.biblioeco.unsa.edu.ar/pmb/images/libros/D00081
_yImagen de portada
_qimage/jpeg
999 _c4637
_d4637